Komparácia rozpočtového určenia daní v SR a ČR bakalárska práca

Gespeichert in:
Bibliographische Detailangaben
1. Verfasser: Dluhoš, Martin, 1991-
Körperschaft: Podnikovohospodárska fakulta EU so sídlom v Košiciach. Katedra účtovníctva a financií
Weitere Verfasser: Zoričáková, Viera, 1960-
Format: Buch
Sprache:Slowakisch
Veröffentlicht: Košice 2013
Tags: Tag hinzufügen
Keine Tags, Fügen Sie das erste Tag hinzu!

MARC

LEADER 00000nbm a2200000 4500
001 0172309
005 20170315090440.0
041 0 |a slo 
044 |a SK 
245 1 0 |a Komparácia rozpočtového určenia daní v SR a ČR  |b bakalárska práca  |c Martin Dluhoš ; školiteľ: Viera Zoričáková 
264 1 |a Košice  |c 2013 
300 |a 46 s. 
100 1 |a Dluhoš, Martin, 1991- 
700 1 |a Zoričáková, Viera, 1960- 
710 2 |a Podnikovohospodárska fakulta EU so sídlom v Košiciach. Katedra účtovníctva a financií